| 000 | 01302nam a22003977a 4500 | ||
|---|---|---|---|
| 001 | 000014440 | ||
| 003 | CHAP | ||
| 005 | 20220329133953.0 | ||
| 008 | 971013s1975 r 00010 d | ||
| 010 | _a13402 | ||
| 011 | _a14374 | ||
| 035 | _a18447 | ||
| 040 | _cCHAP | ||
| 082 |
_a631.7 _bG6 |
||
| 100 | 0 | 0 |
_aGómez Pompa, Pedro. _949865 |
| 245 | 0 | _aRiegos a presión, aspersión y goteo. | |
| 260 |
_aBarcelona : _bAedos, _c1975. |
||
| 300 |
_a245 p. : _b: ilus. |
||
| 490 | _aBiblioteca agrícola Aedos | ||
| 590 |
_aBATCH-UPD _b10 _c20130110 _lUCH01 _h1107 |
||
| 590 |
_aBATCH-UPD _b10 _c20130410 _lUCH01 _h0659 |
||
| 590 |
_aBATCH-UPD _b10 _c20130914 _lUCH01 _h0616 |
||
| 590 |
_aCONVERSION _b10 _c20130109 _lUCH01 _h1309 |
||
| 590 |
_aE11695DGD _b11 _c20150610 _lUCH01 _h0809 |
||
| 590 |
_aE5765TAJ _b05 _c20150608 _lUCH01 _h1340 |
||
| 650 | 1 | 4 |
_aIrrigación. _960366 |
| 650 | 1 | 4 |
_aRiego por aspersión. _997375 |
| 650 | 1 | 4 |
_aRiego por goteo. _997380 |
| 830 | 0 |
_aBiblioteca agrícola Aedos _912228 |
|
| 901 | _aBK | ||
| 942 | _cLIBRO | ||
| 942 | _n0 | ||
| 949 |
_a631.7 G6 _bBC _cLIBRO _d-43043 _eLIBRO _fc.2 _h44935 _i18447 _si _t285.00 |
||
| 949 |
_a631.7 G6 _bBC _cLIBRO _d-43045 _eLIBRO _fc.3 _h44936 _i18447 _si _t285.00 |
||
| 949 |
_a631.7 G6 _bBC _cLIBRO _d33724000663761 _eLIBRO _h44934 _i18447 _si _t285.00 |
||
| 999 |
_c13402 _d13402 |
||